000 00323nam a2200133Ia 4500
005 20260326100030.0
008 260326s9999||||xx |||||||||||||| ||und||
100 _aMarx, Murillo
245 0 _aCidade Brasileira /
_cMurillo Marx
260 _bEdiciones Melhoramentos
300 _a151 p.
650 _aURBANISMO
942 _cBK
999 _c6584
_d6584